| 000 | 01370nam a2200337 a 4500 | ||
|---|---|---|---|
| 001 | ebr10421631 | ||
| 003 | CaPaEBR | ||
| 006 | m u | ||
| 007 | cr cn||||||||| | ||
| 008 | 100916s2010 enkab sb 001 0 eng d | ||
| 010 | _z 2010937247 | ||
| 020 | _z9781409401278 (hardback : alk. paper) | ||
| 020 | _z9781409401285 (e-book) | ||
| 040 |
_aCaPaEBR _cCaPaEBR |
||
| 035 | _a(OCoLC)694144001 | ||
| 050 | 1 | 4 |
_aT55 _b.T39 2010eb |
| 100 | 1 | _aTaylor, John Bernard. | |
| 245 | 1 | 0 |
_aSafety culture _h[electronic resource] : _bassessing and changing the behaviour of organisations / _cJohn Bernard Taylor. |
| 260 |
_aFarnham, England : _bGower, _c2010. |
||
| 300 |
_avi, 216 p. : _bill., map. |
||
| 490 | 1 | _aPsychological and behavioural aspects of risk | |
| 504 | _aIncludes bibliographical references and index. | ||
| 533 |
_aElectronic reproduction. _bPalo Alto, Calif. : _cebrary, _d2013. _nAvailable via World Wide Web. _nAccess may be limited to ebrary affiliated libraries. |
||
| 650 | 0 | _aIndustrial safety. | |
| 650 | 0 | _aOrganizational behavior. | |
| 650 | 0 | _aSystem safety. | |
| 655 | 7 |
_aElectronic books. _2local |
|
| 710 | 2 | _aebrary, Inc. | |
| 830 | 0 | _aPsychological and behavioral aspects of risk series. | |
| 856 | 4 | 0 |
_uhttp://site.ebrary.com/lib/rucke/Doc?id=10421631 _zAn electronic book accessible through the World Wide Web; click to view |
| 999 |
_c140093 _d140093 |
||